00526nam a22001817a 450000500170000001000140001702000250003103500130005603700130006908200120008210000190009424500810011326000430019427000540023730000260029165000240031770000030034120100806150646.0 aENG-98713 c60.00a9788180160776 aEN-82245 bDBAD/PUB a001.424 aManonmani, A.  aFundamentals of operations research :cby A. Manonmaniblinear programming / aCimbatore bTeachers Pub. House c2008 a531, Avinashi road, PeelamedubCimbatore e641004 a134 p. c20 cm. (Pbk) aOperations research